000 00637nam a2200205 i 4500
001 58026
003 ES-MaACL
007 t|
008 031020s1955 sp ||||1| spa d
100 1 _aDunhill, Alfred H.
_946042
245 1 3 _aEl noble arte de fumar /
_cAlfred H. Dunhill ; [traducción directa del inglés por Luis Solano Costa].
250 _a[1ª ed.].
260 _aBarcelona :
_bA.H.R.,
_c[1955] (
_fImp. Moderna)
300 _a179 p., 7 lám. :
_bil. ;
_c21 cm.
490 1 _aAmanecer
700 1 _aSolano Costa, Luis.
_9107084
830 0 _aAmanecer
_9181036
852 _aES-MaACL
_jC-9601
_bR.37672
999 _c58026
_d58026